000
00213 a2200097 4500
001
31416
100
_a
Siler, Brian
245
_a
Using Visual Basic six
260
_a
New Delhi
_b
PHI
_c
1998
090
_c
21303
_d
21303
942
_a
NUST-CAE
_c
M
_c
12563
999
_c
266489
_d
266489